000 00934nmm a2200277 a 4500
001 ocm000587258
003 TR-IsHL
005 20201028122249.0
008 131028s2010 tu tur
007 cr cn
020 _a9789944978569
035 _a587258
_b(N$T)
050 0 4 _aPK6549.S52
_bM87 2010
090 0 4 _aPK6549.S52
_bM87 2010
100 1 _aMurat, İbrahim
245 1 0 _aGüneşin gözyaşları
_h[electronic resource] /
_cİbrahim Murat
250 _a1. bs.
260 _aİstanbul :
_bİlgi Kültür Sanat Yayıncılık,
_c2010
300 _a300 p.
650 4 _aDil ve Edebiyat
650 4 _aLanguage and Literature
650 0 _aMevlana Celaleddin Rumi, 1207-1273
_x Roman
650 0 _aJalal al-Din Rumi, Maulana, 1207-1273
_x Fiction
650 7 _aLITERARY COLLECTIONS / Middle Eastern
_2bisacsh
856 4 0 _uhttp://search.ebscohost.com/login.aspx?direct=true&scope=site&db=e011xww&AN=587258
999 _c1774
_d1774